Methods of molecular analysis in the life sciences (Record no. 393777)
[ view plain ]
| 000 -LEADER | |
|---|---|
| fixed length control field | 00617 a2200229 4500 |
| 005 - DATE & TIME | |
| control field | 20260127102841.0 |
| 008 - FIXED-LENGTH DATA ELEMENTS--GENERAL INFORMATION | |
| fixed length control field | 260122b |||||||| |||| 00| 0 eng d |
| 020 ## - ISBN | |
| International Standard Book Number | 9781107044708 |
| Price | $ 46.99 |
| 040 ## - CATALOGING SOURCE | |
| Original cataloging agency | VIVEKANANDA LIBRARY |
| 082 ## - DDC NUMBER | |
| Classification number | 572.028 |
| Book Number | H677M |
| 100 ## - MAIN ENTRY--PERSONAL NAME | |
| Personal name | Hofmann, Andreas |
| 245 ## - TITLE STATEMENT | |
| Title | Methods of molecular analysis in the life sciences |
| 260 ## - PUBLICATION, DISTRIBUTION, ETC. (IMPRINT) | |
| Name of publisher, distributor, etc | Cambridge University Press |
| Date of publication, distribution, etc | 2014 |
| Place of publication, distribution, etc | Cambridge |
| 300 ## - PHYSICAL DESCRIPTION | |
| Pages | xiii, 213 |
| 650 ## - Subject | |
| Subject | Molecular Biology |
| 650 ## - Subject | |
| Subject | Biochemistry |
| 650 ## - Subject | |
| Subject | Spectroscopy |
| 700 ## - Added Entry Personal Name | |
| Added Entry Personal Name | Simon, Anne |
| 700 ## - Added Entry Personal Name | |
| Added Entry Personal Name | Grkovic, Tanja |
| 700 ## - Added Entry Personal Name | |
| Added Entry Personal Name | Jones, Malcolm |
| 942 ## - ADDED ENTRY ELEMENTS (KOHA) | |
| Koha item type | Books |
| Withdrawn status | Lost status | Source of classification or shelving scheme | Damaged status | Not for loan | Location (home branch) | Sublocation or collection (holding branch) | Shelving location | Date acquired | Koha issues (times borrowed) | Koha full call number | Accession No. | Koha date last seen | Koha item type |
|---|---|---|---|---|---|---|---|---|---|---|---|---|---|
| Dewey Decimal Classification | VIVEKANANDA LIBRARY | VIVEKANANDA LIBRARY | Vivekananda Library | 03/12/2025 | 572.028 H677M | 443502 | 03/12/2025 | Books |
